000 00957nam a2200181 a 4500
001 47724
005 20180714031758.0
008 140415s2002 sp 000 0 spa d
020 _a8495886049
041 _aspa
082 _a305.42
_bGLO
245 0 0 _aGLOBALIZACION Y MUJER
250 _a1a ed.
260 _aESPAÑA :
_bPABLO IGLESIAS,
_c2002
300 _a147
_c13.5 x 2 x 21
520 _aEN LOS ULTIMOS AÑOS, LA REFLEXIÓN EN TORNO A LA GLOBALIZACIÓN Y SUS CONSECUENCIAS HA ESTADO PRESENTE EN NUMEROSOS DEBATES. LA FORMA EN QUE ESTA GLOBALIZACION SE PRODUCE ESTA MERECIENDO CADA DÍA CONTUNDENTES Y MASIVAS RESPUESTAS DE MOVIMIENTOS SOCIALES DE TODO TIPO Y COLOR. LAS MUJERES, A PESAR DE SU APARENTE INVISIBILIDAD, PUEDEN JUGAR UN PAPEL FUNDAMENTAL EN LA CONSTRUCCION DE LATERNATIVAS SOCIALES, ECONOMICAS Y POLITICAS MAS JUSTAS Y SOLIDARIAS.
650 1 4 _aGLOBALIZACION
_xMUJERES
_xMUJERES CONDICIONES SOCIALES
_xPROBLEMAS SOCIALES
999 _c47724
_d47724